Liedtext - 194 Länder - Mark Forster - Statistiken

Allgemein
  • Dieses Quiz wurde 119 mal gespielt
  • Das Durchschnittsergebnis liegt bei 166 aus 312
Antwortstatistiken
Textquiz % Korrekt
L.A
98%
194
97%
Ich
94%
ich
94%
Länder
94%
Es
93%
es
93%
gibt
92%
will
92%
Will
92%
seh
91%
davon
89%
jedes
85%
See
84%
sehen
84%
sie
84%
verstehen
79%
zu
79%
versuch
76%
Sprachen
75%
die
74%
Die
74%
Welt
70%
ein
66%
Abenteuer
63%
ganze
63%
dich
61%
in
61%
nur
60%
so
60%
für
59%
Sechseinhalbtausend
59%
war
58%
mich
57%
viel
57%
voll
57%
einmal
56%
Aber
55%
der
55%
erleben
54%
Gibts
52%
den
51%
geht
49%
von
48%
dir
47%
wie
47%
Baby
45%
du
41%
Herz
39%
am
38%
Auf
36%
auf
36%
aus
36%
halt
36%
Hills
36%
ist
35%
Und
35%
Bin
34%
bin
34%
größten
34%
direkt
33%
an
32%
bei
32%
Fisch
32%
Denn
31%
denn
31%
Legenden
31%
mein
31%
mit
31%
Mit
31%
dort
30%
schon
30%
29%
dem
29%
Zwischen
29%
Nächte
28%
rot
28%
wann
28%
Marseilles
27%
Schick
27%
schick
27%
Doch
26%
Hafen
26%
Herzen
26%
Ugandas
26%
wieder
26%
endlich
25%
Kampalas
25%
Morgen
25%
Genoss
24%
Hand
24%
Handy
24%
hier
24%
Kopf
24%
weiß
24%
gut
23%
durch
21%
Hügel
21%
kommst
21%
Mann
21%
Warschau
21%
heute
20%
feiern
19%
Florenz
19%
gewandert
19%
guck
19%
irischen
19%
penn
19%
schlaf
19%
Dublin
18%
fast
18%
Krakau
18%
Unter
18%
warmen
18%
Wein
18%
Apple
17%
Big
17%
daheim
17%
lag
17%
spanischen
17%
trank
17%
wach
17%
Bäumen
15%
Camino
15%
Manhattan
15%
Rettung
15%
Sang
15%
Toscana
15%
Chören
14%
Konnt
14%
Wicklow
14%
entdecken
13%
Francés
10%
Pfaden
10%
Keine übereinstimmenden Quizze gefunden
Verteilung der Resultate
Anzahl Personen mit jedem Resultat
Perzentil nach korrekt beantworteten Fragen
Ihre Resultats-Entwicklung
Sie haben dieses Quiz noch nicht gespielt